000
00315nam a22001217a 4500
020
_a
0-07-881246-1
082
_a
005.1 CAM
100
_a
CAMPBELL MARY , CAMPBELL DAVID R
_9
56537
245
_a
APPLE WORKS ADVANCED FEATURES & TECHNIQUES
260
_a
CALIFORNIA
_b
MCGRAW HILL
_c
1986
300
_a
435P
942
_c
BK
999
_c
566928
_d
566928